Statistics for Winners of the English Football League Championship.

Click here to take the quiz!

General Stats

  • This quiz has been taken 183 times
  • The average score is 9 of 12

Answer Stats

Hint Answer % Correct
2009-10Newcastle United
87%
2004-05Sunderland
78%
2015-16Burnley
78%
2007-08West Bromwich Albion
77%
2013-14Leicester City
74%
2008-09Wolverhampton Wanderers
70%
2014-15Bournemouth
68%
2012-13Cardiff City
66%
2005-06Reading
62%
2010-11Queens Park Rangers
62%

Score Distribution

Percentile by Number Answered

Percent of People with Each Score

Your Score History

You have not taken this quiz